000 00301nam a22001337a 4500
008 170627b xxu||||| |||| 00| 0 eng d
020 _a9780521397681
041 _aeng
080 _a94
100 _a16
101 _aSHH
245 _aTHE EARLY REFORMATION IN EUROPE
_cPETTEGREE,A
942 _2udc
_cBK
999 _c19164
_d19164